000
00329 a2200157 4500
001
56874
020
_a
8570560281
040
_c
Anchieta - Pituba
100
_a
Garcia, Edson Gabriel
240
1
0
_a
Treze contos
_l
por
245
1
0
_a
Treze contos
300
_a
76
362
0
_a
1998
650
4
_a
Literatura juvenil
942
_c
BK
999
_c
56874
_d
56874